Anales de la Academia Matritense del Notariado Tomo XXXII

Detalles Bibliográficos
Autor Corporativo: Academia Matritense del Notariado
Formato: Libro
Lenguaje:español
Publicado: Madrid : Edersa, [1993]
Acceso en línea:Acceso restringido (Tomo XXXII)

MARC

LEADER 00000nam a22000007a 4500
005 20110914111721.0
008 040924s1993 z 000 0 c
020 |a 84-7130-733-2 
035 |a 559 
040 |a ES-BaICA  |d vLex 
041 0 |a spa 
090 |c 2446  |d 2446 
110 2 |a Academia Matritense del Notariado 
245 1 0 |a Anales de la Academia Matritense del Notariado  |h [Recurso electrn̤ico] /  |c Academia Matritense del Notariado  |p Tomo XXXII 
256 |a Servicio en ln̕ea. 
260 |a Madrid :  |b Edersa,  |c [1993] 
300 |a 565 p. ;  |c 24 cm 
506 1 |a Contenido solo disponible en los productos indicados  |d vLex Global  |d vLex Global (Academic Edition, excluding Law Schools)  |d vLex Global (U.S. Academic Edition, Law Schools)  |d vLex Global (U.S. Academic Edition, excluding Law Schools)  |d vLex Global (Academic Edition, Law Schools) 
740 0 |a vLex Libros (Servicio en ln̕ea) 
856 4 0 |u http://vlex.com/source/academia-matritense-del-notariado-tomo-xxxix-559  |z Acceso restringido (Tomo XXXII) 
907 |i   
942 |c BOOK 
950 4 |a Derecho notarial  |z -- Espaą